Antología de poetas franceses contemporáneos / (Record no. 24871)

MARC details
000 -LEADER
campo de control de longitud fija 00678nam a2200181 i 4500
001 - NÚMERO DE CONTROL
campo de control 24871
003 - IDENTIFICADOR DE NÚMERO DE CONTROL
campo de control ES-MaACL
005 - FECHA Y HORA DE LA ÚLTIMA TRANSACCIÓN
campo de control 20250829062537.0
007 - CAMPO FIJO DE DESCRIPCIÓN FÍSICA--INFORMACIÓN GENERAL
campo de control de longitud fija t|
008 - DATOS DE LONGITUD FIJA--INFORMACIÓN GENERAL
campo de control de longitud fija 021219s1944 ag ||||1| spa d
245 00 - MENCIÓN DEL TÍTULO
Título Antología de poetas franceses contemporáneos /
Mención de responsabilidad, etc. selección y traducción en verso, con opiniones, notas y noticias bibliográficas por Edmundo Bianchi ; prólogo de Andre Maurois.
260 ## - PUBLICACIÓN, DISTRIBUCIÓN, ETC.
Lugar de publicación, distribución, etc. Buenos Aires :
Nombre del editor, distribuidor, etc. Hachette,
Fecha de publicación, distribución, etc. [1944] (
Fabricante Talleres Gráficos Rodríguez Siles y Cía.)
300 ## - DESCRIPCIÓN FÍSICA
Extensión 549 p. ;
Dimensiones 24 cm.
700 1# - ENTRADA AGREGADA--NOMBRE PERSONAL
Nombre de persona Bianchi, Edmundo.
9 (RLIN) 28741
700 1# - ENTRADA AGREGADA--NOMBRE PERSONAL
Nombre de persona Maurois, André,
Fechas asociadas al nombre 1885-1967
9 (RLIN) 79267
852 ## - LOCALIZACIÓN
Ubicación ES-MaACL
Número de control de estantería B-10182
Holdings
Estatus retirado Estado de pérdida Estado de daño No para préstamo Biblioteca de origen Biblioteca actual Ubicación en estantería Fecha de adquisición Fuente de adquisición Total de préstamos Signatura topográfica completa Código de barras Visto por última vez Precio de reemplazo Tipo de ítem Koha
        Biblioteca del Ateneo de Madrid Biblioteca del Ateneo de Madrid Sala Pardo Bazán 17/01/2008     B-10182 1025644 23/02/2023 23/02/2023 Libro impreso